Southville International School and Colleges
Your cart is empty.
  • Cart
  • Lists
    Public lists Eva Luna New books Lux_list list_1
    Your lists Log in to create your own lists
  • Log in to your account
  • Your cookies
  • Search history
Southville International School and Colleges
  • Advanced search
  • Recent comments
  • Most popular
  • Libraries

Log in to your account

Log in with GOOGLE


If you do not have an external account, but do have a local account, you can still log in:

  1. Home
  2. MARC view: How do we know the nature of time /
Normal view MARC view ISBD view

How do we know the nature of time / (Record no. 9160)

[ view plain ]
MARC details
000 -LEADER
fixed length control field 00983cam a22002894a 4500
001 - CONTROL NUMBER
control field 13269413
003 - CONTROL NUMBER IDENTIFIER
control field SISC
005 - DATE AND TIME OF LATEST TRANSACTION
control field 20160224132532.0
008 - FIXED-LENGTH DATA ELEMENTS--GENERAL INFORMATION
fixed length control field 030710s2005 nyua c b 001 0 eng
010 ## - LIBRARY OF CONGRESS CONTROL NUMBER
LC control number 2003015578
020 ## - INTERNATIONAL STANDARD BOOK NUMBER
International Standard Book Number 9781404200739
040 ## - CATALOGING SOURCE
Original cataloging agency DLC
Transcribing agency DLC
Modifying agency DLC
042 ## - AUTHENTICATION CODE
Authentication code pcc
-- lcac
050 00 - LIBRARY OF CONGRESS CALL NUMBER
Classification number QB 209.5
Item number .Sh47 2005
082 00 - DEWEY DECIMAL CLASSIFICATION NUMBER
Classification number HS 115
Item number .Sh5 2005
100 1# - MAIN ENTRY--PERSONAL NAME
Personal name Sherman, Josepha.
9 (RLIN) 12626
245 10 - TITLE STATEMENT
Title How do we know the nature of time /
Statement of responsibility, etc Josepha Sherman.
250 ## - EDITION STATEMENT
Edition statement 1st ed.
260 ## - PUBLICATION, DISTRIBUTION, ETC. (IMPRINT)
Place of publication, distribution, etc New York :
Name of publisher, distributor, etc Rosen Pub. Group,
Date of publication, distribution, etc c2005.
300 ## - PHYSICAL DESCRIPTION
Extent 112 p. :
Other physical details ill. ;
Dimensions 21 cm.
440 #0 - SERIES STATEMENT/ADDED ENTRY--TITLE
Title Great scientific questions and the scientists who answered them
9 (RLIN) 12584
650 #0 - SUBJECT ADDED ENTRY--TOPICAL TERM
Topical term or geographic name as entry element Time
Form subdivision Juvenile literature.
9 (RLIN) 12627
906 ## - LOCAL DATA ELEMENT F, LDF (RLIN)
a 7
b cbc
c orignew
d 1
e ecip
f 20
g y-gencatlg
942 ## - ADDED ENTRY ELEMENTS (KOHA)
Source of classification or shelving scheme Library of Congress Classification
Koha item type Books
Holdings
Withdrawn status Lost status Source of classification or shelving scheme Damaged status Home library Current library Shelving location Date acquired Total Checkouts Full call number Barcode Date last seen Date checked out Copy number Price effective from Koha item type
    Library of Congress Classification   Luxembourg Library Luxembourg Library High School Section 08/23/2013 1 QB 209.5 .Sh47 2005 17361 08/31/2019 08/16/2019 1 08/23/2013 Books

How do we know the nature of time /

APA

Sherman J., . (2005). How do we know the nature of time. New York: Rosen Pub. Group.

Chicago

Sherman Josepha, . 2005. How do we know the nature of time. New York: Rosen Pub. Group.

Harvard

Sherman J., . (2005). How do we know the nature of time. New York: Rosen Pub. Group.

MLA

Sherman Josepha, . How do we know the nature of time. New York: Rosen Pub. Group. 2005.

  • Place hold
  • Print
  • Cite
  • Add to your cart (remove)
  • Save record
    BIBTEX Dublin Core MARCXML MARC (non-Unicode/MARC-8) MARC (Unicode/UTF-8) MARC (Unicode/UTF-8, Standard) MODS (XML) RIS
  • More searches
    Search for this title in:
    Other Libraries (WorldCat) Other Databases (Google Scholar) Online Stores (Bookfinder.com) Open Library (openlibrary.org)

Exporting to Dublin Core...

SOUTHVILLE LIBRARY

Southville International School and Colleges Library

1281 Tropical Ave. Cor. Luxembourg St., BF Homes International, Las Pinas City

Tel. No. 8256374 / 252358 Loc. 117/146

Powered by Koha